|
|
|
|
| LEADER |
00000naa2a2200000 4500 |
| 001 |
183292 |
| 005 |
20251205142141.0 |
| 035 |
|
|
|a (RuTPU)RU\TPU\book\198703
|
| 090 |
|
|
|a 183292
|
| 100 |
|
|
|a 20100712d2004 k y0rusy50 ca
|
| 101 |
0 |
|
|a rus
|
| 102 |
|
|
|a RU
|
| 200 |
1 |
|
|a Связь параметров электрического взрыва проводников с характеристиками получаемых нанопорошков
|f А. Н. Григорьев, Д. В. Тихонов
|
| 320 |
|
|
|a Библиогр.: 3 назв.
|
| 461 |
|
1 |
|0 (RuTPU)RU\TPU\book\66154
|t Современные техника и технологии
|o X Юбилейная международная научно-практическая конференция студентов, аспирантов и молодых ученых, посвященная 400-летию г. Томска, Томск, 29 марта - 2 апреля 2004 г.
|o труды
|f Томский политехнический университет
|d 2004
|
| 463 |
|
0 |
|0 (RuTPU)RU\TPU\book\65883
|t Т. 2
|v С. 24-26
|d 2004
|
| 610 |
1 |
|
|a проводники
|
| 610 |
1 |
|
|a электрический взрыв
|
| 610 |
1 |
|
|a нанопорошки
|
| 610 |
1 |
|
|a принципиальные схемы
|
| 610 |
1 |
|
|a дисперсность
|
| 610 |
1 |
|
|a зависимость
|
| 610 |
1 |
|
|a труды учёных ТПУ
|
| 700 |
|
1 |
|a Григорьев
|b А. Н.
|c российский специалист в области энергетический систем и высоковольтной техники
|c инженер Томского политехнического универститета
|g Александр Николаевич
|3 (RuTPU)RU\TPU\pers\26533
|
| 701 |
|
1 |
|a Тихонов
|b Д. В.
|c специалист в области электроэнергетики
|c старший научный сотрудник Томского политехнического университета, кандидат технических наук
|f 1965-
|g Дмитрий Владимирович
|3 (RuTPU)RU\TPU\pers\25645
|9 11556
|
| 801 |
|
1 |
|a RU
|b 63413507
|c 20100712
|
| 801 |
|
2 |
|a RU
|b 63413507
|c 20140324
|g RCR
|
| 942 |
|
|
|c BK
|